| Tag |
First Indicator |
Second Indicator |
Subfields |
| LEADER |
00000cas a2200000 a 4500 |
| 001 |
in00000757313 |
| 005 |
20151017053238.0 |
| 008 |
890531c19899999enkqxzp 0 a0eng d |
| 010 |
|
|
|a 89643806
|z sn 89038359
|
| 012 |
|
|
|a 2
|i 8911
|
| 022 |
|
|
|a 0954-4097
|
| 030 |
|
|
|a PMFTEV
|
| 035 |
|
|
|a (OCoLC)ocm19786779
|
| 035 |
|
|
|a (OCoLC)19786779
|
| 035 |
|
|
|9 ADL3795AM
|
| 037 |
|
|
|b Sales Dept., Professional Engineering Publishing Ltd., Northgate Ave., Bury St. Edmunds, Suffolk IP32 6BW, England
|
| 040 |
|
|
|a EUN
|c EUN
|d NYG
|d DLC
|d COO
|d WAU
|d NST
|d HUL
|d NST
|d NSD
|d NST
|d ELM
|d NSD
|d NST
|d CAS
|d NST
|d DLC
|d OCL
|d MYG
|d SYS
|d WAU
|d MYG
|d OCLCQ
|d UtOrBLW
|
| 042 |
|
|
|a lc
|a nsdp
|
| 049 |
|
|
|a TXAM
|
| 050 |
0 |
0 |
|a TF5
|b .P7
|
| 082 |
0 |
0 |
|a 625.1/005
|2 20
|
| 210 |
0 |
0 |
|a Proc. Instn. Mech. Engrs., Part F
|
| 210 |
0 |
|
|a Proc. Inst. Mech. Eng., F J. rail rapid transit
|
| 222 |
|
0 |
|a Proceedings of the Institution of Mechanical Engineers. Part F, Journal of rail and rapid transit
|
| 245 |
0 |
0 |
|a Proceedings of the Institution of Mechanical Engineers.
|n Part F,
|p Journal of rail and rapid transit.
|
| 246 |
1 |
|
|i Issues for <v. 215, no. F1- > have title:
|a Proceedings of the Institution of Mechanical Engineers.
|n Proceedings part F,
|p Journal of rail and rapid transit
|
| 246 |
3 |
0 |
|a Journal of rail and rapid transit
|
| 264 |
|
1 |
|a [London] ;
|a [Birmingham, Ala.] :
|b [Published for the Institution of Mechanical Engineers by Mechanical Engineering Publications],
|c [1989-]
|
| 264 |
|
4 |
|c [©1989-]
|
| 300 |
|
|
|a volumes :
|b illustrations ;
|c 30 cm.
|
| 310 |
|
|
|a 4 times a year,
|b <2001- >
|
| 321 |
|
|
|a Twice a year,
|b 1989-
|
| 336 |
|
|
|a text
|b txt
|2 rdacontent
|
| 337 |
|
|
|a unmediated
|b n
|2 rdamedia
|
| 338 |
|
|
|a volume
|b nc
|2 rdacarrier
|
| 362 |
0 |
|
|a Vol. 203, no. F1-
|
| 500 |
|
|
|a Published for the Institution of Mechanical Engineers by Professional Engineering Publishing, Ltd., <2001- >
|
| 500 |
|
|
|a Title from cover.
|
| 515 |
|
|
|a Vol. numbering established to parallel that of Parts A-E.
|
| 530 |
|
|
|a Also available via World Wide Web via OCLC FirstSearch Electronic Collections Online; beginning in 1997, also available to subscribers via the World Wide Web; full-text in PDF format; tables of contents in HTML format.
|
| 650 |
|
0 |
|a Railroads
|v Periodicals.
|
| 650 |
|
0 |
|a Personal rapid transit
|v Periodicals.
|
| 710 |
2 |
|
|a Institution of Mechanical Engineers (Great Britain)
|
| 776 |
1 |
|
|t IME proceedings. Part F, Journal of rail and rapid transit
|w (OCoLC)38524428
|
| 780 |
0 |
1 |
|t Proceedings of the Institution of Mechanical Engineers. Part D, Transport engineering
|x 0265-1904
|w (DLC) 85644793
|w (OCoLC)10674130
|
| 850 |
|
|
|a AAP
|a ArU
|a AzTeS
|a CPT
|a CSt
|a CU-I
|a CU-S
|a CU-SB
|a CaOLU
|a CaOTU
|a CaSSU
|a CoFS
|a CoU
|a DLC
|a DeU
|a GAT
|a IaAS
|a IaU
|a InLP
|a KMK
|a KyU
|a MH-GM
|a MMeT
|a MdBJ
|a MiEM
|a MiU
|a MnU
|a MoKL
|a MoU
|a N
|a NIC
|a NN
|a NRU
|a NSyU
|a NcD
|a NcRS
|a NjP
|a NjR
|a NmU
|a OCU
|a OU
|a OrCS
|a PBL
|a PU
|a RPB-S
|a TxCM
|a ViBlbV
|a ViU
|a WaU
|
| 891 |
3 |
3 |
|9 853
|8 1
|a v.
|b no.
|i (year)
|
| 891 |
4 |
0 |
|9 863
|8 1
|a <203>-
|i <1989>-
|x provisional
|
| 949 |
|
|
|a AM_DB_MFHD URL added
|b h
|c 2005/3/30
|e rstovall5
|f 3:12:26 pm
|
| 994 |
|
|
|a E0
|b TXA
|
| 999 |
|
|
|a MARS
|
| 999 |
f |
f |
|s 59ad06dd-7e1f-34b5-b4bc-1ca1686ee1b4
|i 9a47c781-ae40-3291-a634-6d5ea27a5d4e
|t 0
|
| 952 |
f |
f |
|p ric
|a Texas A&M University
|b Rellis Campus
|c Joint Library Facility
|d Remote Storage
|t 0
|e TF5 .P7
|h Library of Congress classification
|i unmediated -- volume
|k v.223:F3-F4
|l 2009:May-July
|m A14839118269
|
| 952 |
f |
f |
|p ric
|a Texas A&M University
|b Rellis Campus
|c Joint Library Facility
|d Remote Storage
|t 0
|e TF5 .P7
|h Library of Congress classification
|i unmediated -- volume
|k v.218
|l 2004
|m A14832840344
|
| 952 |
f |
f |
|p ric
|a Texas A&M University
|b Rellis Campus
|c Joint Library Facility
|d Remote Storage
|t 0
|e TF5 .P7
|h Library of Congress classification
|i unmediated -- volume
|k v.220:no.F1-F2
|l 2006:Mar.-June
|m A14836132361
|
| 952 |
f |
f |
|p ric
|a Texas A&M University
|b Rellis Campus
|c Joint Library Facility
|d Remote Storage
|t 0
|e TF5 .P7
|h Library of Congress classification
|i unmediated -- volume
|k v.213
|l 1999
|m A14827336877
|
| 952 |
f |
f |
|p ric
|a Texas A&M University
|b Rellis Campus
|c Joint Library Facility
|d Remote Storage
|t 0
|e TF5 .P7
|h Library of Congress classification
|i unmediated -- volume
|k v.205-206
|l 1991-1992
|m A14817234756
|
| 952 |
f |
f |
|p ric
|a Texas A&M University
|b Rellis Campus
|c Joint Library Facility
|d Remote Storage
|t 0
|e TF5 .P7
|h Library of Congress classification
|i unmediated -- volume
|k v.219
|l 2005
|m A14833474968
|
| 952 |
f |
f |
|p ric
|a Texas A&M University
|b Rellis Campus
|c Joint Library Facility
|d Remote Storage
|t 0
|e TF5 .P7
|h Library of Congress classification
|i unmediated -- volume
|k v.207-208
|l 1993-1994
|m A14819564254
|
| 952 |
f |
f |
|p ric
|a Texas A&M University
|b Rellis Campus
|c Joint Library Facility
|d Remote Storage
|t 0
|e TF5 .P7
|h Library of Congress classification
|i unmediated -- volume
|k v.224:no.F4-F6
|l 2010
|m A14839676209
|
| 952 |
f |
f |
|p ric
|a Texas A&M University
|b Rellis Campus
|c Joint Library Facility
|d Remote Storage
|t 0
|e TF5 .P7
|h Library of Congress classification
|i unmediated -- volume
|k v.203-204
|l 1989-1990
|m A14815070863
|
| 952 |
f |
f |
|p ric
|a Texas A&M University
|b Rellis Campus
|c Joint Library Facility
|d Remote Storage
|t 0
|e TF5 .P7
|h Library of Congress classification
|i unmediated -- volume
|k v.223:F5-F6
|l 2009:Sept.-Nov.
|m A14839118308
|
| 952 |
f |
f |
|p ric
|a Texas A&M University
|b Rellis Campus
|c Joint Library Facility
|d Remote Storage
|t 0
|e TF5 .P7
|h Library of Congress classification
|i unmediated -- volume
|k v.225:issue 1-3
|l 2011:Jan.-May
|m A14839675782
|
| 952 |
f |
f |
|p ric
|a Texas A&M University
|b Rellis Campus
|c Joint Library Facility
|d Remote Storage
|t 0
|e TF5 .P7
|h Library of Congress classification
|i unmediated -- volume
|k V.223:F1-F2
|l 2009:Jan.-Mar.
|m A14839118227
|
| 952 |
f |
f |
|p ric
|a Texas A&M University
|b Rellis Campus
|c Joint Library Facility
|d Remote Storage
|t 0
|e TF5 .P7
|h Library of Congress classification
|i unmediated -- volume
|k v.215
|l 2001
|m A14829909715
|
| 952 |
f |
f |
|p ric
|a Texas A&M University
|b Rellis Campus
|c Joint Library Facility
|d Remote Storage
|t 0
|e TF5 .P7
|h Library of Congress classification
|i unmediated -- volume
|k v.211-212
|l 1997-1998
|m A14824960300
|
| 952 |
f |
f |
|p ric
|a Texas A&M University
|b Rellis Campus
|c Joint Library Facility
|d Remote Storage
|t 0
|e TF5 .P7
|h Library of Congress classification
|i unmediated -- volume
|k v.214
|l 2000
|m A14828545835
|
| 952 |
f |
f |
|p ric
|a Texas A&M University
|b Rellis Campus
|c Joint Library Facility
|d Remote Storage
|t 0
|e TF5 .P7
|h Library of Congress classification
|i unmediated -- volume
|k v.221:no.F1-F2
|l 2007:Mar.-June
|m A14837287020
|
| 952 |
f |
f |
|p ric
|a Texas A&M University
|b Rellis Campus
|c Joint Library Facility
|d Remote Storage
|t 0
|e TF5 .P7
|h Library of Congress classification
|i unmediated -- volume
|k v.209-210
|l 1995-1996
|m A14822419036
|
| 952 |
f |
f |
|p ric
|a Texas A&M University
|b Rellis Campus
|c Joint Library Facility
|d Remote Storage
|t 0
|e TF5 .P7
|h Library of Congress classification
|i unmediated -- volume
|k v.220:no.F3-F4
|l 2006:Sept.-Dec.
|m A14836132400
|
| 952 |
f |
f |
|p ric
|a Texas A&M University
|b Rellis Campus
|c Joint Library Facility
|d Remote Storage
|t 0
|e TF5 .P7
|h Library of Congress classification
|i unmediated -- volume
|k v.216
|l 2002
|m A14831778497
|
| 952 |
f |
f |
|p ric
|a Texas A&M University
|b Rellis Campus
|c Joint Library Facility
|d Remote Storage
|t 0
|e TF5 .P7
|h Library of Congress classification
|i unmediated -- volume
|k v.222:no.F3-F4
|l 2008:Sept.-Dec.
|m A14838468700
|
| 952 |
f |
f |
|p ric
|a Texas A&M University
|b Rellis Campus
|c Joint Library Facility
|d Remote Storage
|t 0
|e TF5 .P7
|h Library of Congress classification
|i unmediated -- volume
|k v.224:no.F1-F3
|l 2010
|m A14839124545
|
| 952 |
f |
f |
|p ric
|a Texas A&M University
|b Rellis Campus
|c Joint Library Facility
|d Remote Storage
|t 0
|e TF5 .P7
|h Library of Congress classification
|i unmediated -- volume
|k v.217
|l 2003
|m A14831515425
|
| 952 |
f |
f |
|p ric
|a Texas A&M University
|b Rellis Campus
|c Joint Library Facility
|d Remote Storage
|t 0
|e TF5 .P7
|h Library of Congress classification
|i unmediated -- volume
|k v.225:issue 4-6
|l 2011:July-Nov.
|m A14841288494
|
| 952 |
f |
f |
|p ric
|a Texas A&M University
|b Rellis Campus
|c Joint Library Facility
|d Remote Storage
|t 0
|e TF5 .P7
|h Library of Congress classification
|i unmediated -- volume
|k v.221:no.F3-F4
|l 2007:Sept.-Dec.
|m A14837287012
|
| 952 |
f |
f |
|p ric
|a Texas A&M University
|b Rellis Campus
|c Joint Library Facility
|d Remote Storage
|t 0
|e TF5 .P7
|h Library of Congress classification
|i unmediated -- volume
|k v.222:no.F1-F2
|l 2008:Mar.-June
|m A14838468695
|
| 998 |
f |
f |
|a TF5 .P7
|s v.203-225 (1989-2011)
|t 0
|l Remote Storage
|